Largest Oceanian Cities ending in '-a' Quiz Stats

Quiz not verified by Sporcle

Challenge
Share
Tweet
Embed
Score 0/28 Timer 08:00
0 Plays Today
Population City % Correct
418,856Canberra
94.3%
74,481Suva
83.8%
36,735Apia
75.7%
64,609Honiara
60.3%
24,229Nuku'alofa
55.5%
44,040Port Vila
49%
99,926Nouméa
46.2%
112,588Toowoomba
32%
53,268Rotorua
25.5%
54,679Wagga Wagga
24.7%
120,414Tauranga
23.9%
37,500Wodonga
12.6%
43,473Lautoka
11.7%
29,719Faaa
10.9%
Population City % Correct
22,098Mount Isa
8.7%
34,479Nowra
7.2%
31,812Dumbéa
6.1%
49,441Mildura
5.7%
18,129Wangaratta
4.5%
51,537Porirua
4.5%
22,464Whyalla
4%
16,700Goroka
4%
24,844Ballina
3.6%
20,030Echuca
3.6%
20,616Païta
2.8%
27,622Punaauia
2.8%
18,945Karratha
2.4%
15,021Rangiora
2.4%

You're not logged in!

Compare scores with friends on all Sporcle quizzes.
Sign Up with Email
OR
Log In

You Might Also Like...

Show Comments

Extras

Top Quizzes Today


Score Distribution

Your Account Isn't Verified!

In order to create a playlist on Sporcle, you need to verify the email address you used during registration. Go to your Sporcle Settings to finish the process.